| 000 | 00550nam a22002057a 4500 | ||
|---|---|---|---|
| 005 | 20260423164205.0 | ||
| 008 | 260423b |||||||| |||| 00| 0 eng d | ||
| 020 |
_a9788131271568 _c4495.00 |
||
| 040 | _aMAIN | ||
| 041 | _aEnglish | ||
| 082 |
_a333.91009 _bJAI |
||
| 100 |
_aJain, Sharad K. _926733 |
||
| 245 | _aWater Resources Systems Planning And Management | ||
| 250 | _a2nd | ||
| 260 |
_aNew Delhi _bElsevier _c2024 |
||
| 300 | _a921 | ||
| 650 |
_aEnvironment Science (PM USHA) _926725 |
||
| 700 |
_aSingh, Vijay P. _926734 |
||
| 942 | _cBK | ||
| 999 |
_c60722 _d60722 |
||